<?xml version="1.0" encoding="UTF-8"?>
<record
    xmlns:xsi="http://www.w3.org/2001/XMLSchema-instance"
    xsi:schemaLocation="http://www.loc.gov/MARC21/slim http://www.loc.gov/standards/marcxml/schema/MARC21slim.xsd"
    xmlns="http://www.loc.gov/MARC21/slim">

  <leader>01072na  a2200313   4500</leader>
  <controlfield tag="001">18126</controlfield>
  <controlfield tag="003">MIRAKIL</controlfield>
  <controlfield tag="005">20181213154823.0</controlfield>
  <controlfield tag="008">161111b        tu            000 0      </controlfield>
  <datafield tag="020" ind1=" " ind2=" ">
    <subfield code="a">9786055332242</subfield>
  </datafield>
  <datafield tag="035" ind1=" " ind2=" ">
    <subfield code="a">18126</subfield>
  </datafield>
  <datafield tag="040" ind1=" " ind2=" ">
    <subfield code="a">Milas</subfield>
    <subfield code="b">tur</subfield>
    <subfield code="c">TR-AnCHP</subfield>
  </datafield>
  <datafield tag="041" ind1=" " ind2=" ">
    <subfield code="a">tur</subfield>
  </datafield>
  <datafield tag="082" ind1=" " ind2=" ">
    <subfield code="a">355.622</subfield>
    <subfield code="b">K35z 2012</subfield>
  </datafield>
  <datafield tag="090" ind1=" " ind2=" ">
    <subfield code="a">355.622 K35z 2012</subfield>
  </datafield>
  <datafield tag="100" ind1=" " ind2=" ">
    <subfield code="a">Kemal, Lale</subfield>
  </datafield>
  <datafield tag="245" ind1=" " ind2=" ">
    <subfield code="a">Zay&#x131;f kalan meclis iradesi</subfield>
    <subfield code="b">yeni Say&#x131;&#x15F;tay Yasas&#x131;'nda askeri harcamalar&#x131;n denetimi sorunu</subfield>
    <subfield code="c">Lale Kemal ; edit&#xF6;r:&#xD6;zlem Da&#x11F; ; yay&#x131;ma haz&#x131;rlayan Zeynep Ba&#x15F;er, &#xD6;zde&#x15F; &#xD6;zbay</subfield>
  </datafield>
  <datafield tag="246" ind1=" " ind2=" ">
    <subfield code="a">Yeni Say&#x131;&#x15F;tay Yasas&#x131;'nda askeri harcamalar&#x131;n denetimi sorunu</subfield>
  </datafield>
  <datafield tag="260" ind1=" " ind2=" ">
    <subfield code="a">&#x130;stanbul</subfield>
    <subfield code="b">TESEV Yay&#x131;nlar&#x131;</subfield>
    <subfield code="c">2012</subfield>
  </datafield>
  <datafield tag="300" ind1=" " ind2=" ">
    <subfield code="a">42 s.</subfield>
    <subfield code="c">27 sm.</subfield>
  </datafield>
  <datafield tag="440" ind1=" " ind2=" ">
    <subfield code="a">Tesev Demokratikle&#x15F;me Program&#x131; Siyasi Raporlar&#x131; Serisi</subfield>
  </datafield>
  <datafield tag="490" ind1=" " ind2=" ">
    <subfield code="a">G&#xFC;venlik Sekt&#xF6;r&#xFC;</subfield>
    <subfield code="v">3</subfield>
  </datafield>
  <datafield tag="650" ind1=" " ind2=" ">
    <subfield code="a">Askeri harcamalar</subfield>
    <subfield code="x">Denetim</subfield>
    <subfield code="y">Yasalar</subfield>
  </datafield>
  <datafield tag="650" ind1=" " ind2=" ">
    <subfield code="a">Say&#x131;&#x15F;tay</subfield>
    <subfield code="x">Yasalar</subfield>
    <subfield code="y">Askeri y&#xF6;netim</subfield>
  </datafield>
  <datafield tag="700" ind1=" " ind2=" ">
    <subfield code="a">Da&#x11F;, &#xD6;zlem</subfield>
  </datafield>
  <datafield tag="700" ind1=" " ind2=" ">
    <subfield code="a">Ba&#x15F;er, Zeynep</subfield>
  </datafield>
  <datafield tag="700" ind1=" " ind2=" ">
    <subfield code="a">&#xD6;zbay, &#xD6;zde&#x15F;</subfield>
  </datafield>
  <datafield tag="942" ind1=" " ind2=" ">
    <subfield code="2">dcc</subfield>
    <subfield code="c">BKS</subfield>
  </datafield>
  <datafield tag="952" ind1=" " ind2=" ">
    <subfield code="a">0001</subfield>
    <subfield code="b">0001</subfield>
    <subfield code="d">2016-11-11</subfield>
    <subfield code="e">2</subfield>
    <subfield code="l">0</subfield>
    <subfield code="o">355.622 K35z 2012</subfield>
    <subfield code="p">008616</subfield>
    <subfield code="r">2016-11-11 00:00:00</subfield>
    <subfield code="v">0.00</subfield>
    <subfield code="w">2016-11-11</subfield>
    <subfield code="y">BKS</subfield>
  </datafield>
  <datafield tag="952" ind1=" " ind2=" ">
    <subfield code="a">0001</subfield>
    <subfield code="b">0001</subfield>
    <subfield code="d">2016-11-25</subfield>
    <subfield code="e">2</subfield>
    <subfield code="l">0</subfield>
    <subfield code="o">355.622 K35z 2012</subfield>
    <subfield code="p">008889</subfield>
    <subfield code="r">2016-11-25 00:00:00</subfield>
    <subfield code="t">k.2</subfield>
    <subfield code="v">0.00</subfield>
    <subfield code="w">2016-11-25</subfield>
    <subfield code="y">BKS</subfield>
  </datafield>
  <datafield tag="999" ind1=" " ind2=" ">
    <subfield code="c">1440</subfield>
    <subfield code="d">1440</subfield>
  </datafield>
</record>
